Statistics for Most Depressed People in WFA

Click here to take the quiz!

General Stats

  • This quiz has been taken 9 times
  • The average score is 7 of 9

Answer Stats

HintAnswer% Correct
90% depressedFarhan
100%
100% depressedHarrison
100%
90% depressedShawn
100%
90% depressedTom
100%
100% depressedAkib
50%
70% depressedJack
50%
60% depressedLewis
50%
80% depressedMr Banner
50%
65% depressedMr Conroy
50%

Score Distribution

Percentile by Number Answered

Percent of People with Each Score

Your Score History

You have not taken this quiz